000 00605nam a2200229Ia 4500
003 OSt
005 20220912150146.0
006 a|||||r|||| 00| 0
007 ta
008 220909b |||||||| |||| 00| 0 eng d
024 _a25747
037 _cTextual
040 _aCSL
_beng
_cCSL
041 _aeng
082 _aB281z7, M3
100 _aJaynes E T
245 0 _aPapers on probability statistics and statistical physics
260 _aDordrecht
_bE Raidel Pub Co
_c1983
300 _axxiv, 434p.
_ccm.
942 _hB281z7, M3
_cTEXL
_2CC
999 _c40777
_d40777